|
|
|
|
| LEADER |
00000nab a2200000 ar4500 |
| 001 |
vtls008426658 |
| 003 |
SK-MaSNL |
| 005 |
20260318124218.0 |
| 008 |
060127c2004 xo |||||||| |000 b|hun |
| 015 |
|
|
|a SNBRB2006/01
|2 snkbucl
|
| 038 |
|
|
|a SNKBUCL
|
| 040 |
|
|
|a DSZK
|b slo
|c DSZK
|e AACR2
|
| 041 |
0 |
|
|a slo
|
| 044 |
|
|
|a xo
|c SK
|
| 080 |
|
|
|a 378.4.096(437.6):811.511.141
|2 UDC-MRF-SK2
|
| 080 |
|
|
|a 811.511.141:378.4(437.6)
|2 UDC-MRF-SK2
|
| 100 |
1 |
|
|a Fazekas, József,
|d 1953-
|4 ivr
|4 aut
|9 404089
|
| 245 |
1 |
0 |
|a Hagyomány és kontextus
|b beszélgetés Mészáros Andrással
|c beszélgetett Fazekas József
|
| 610 |
2 |
7 |
|a Univerzita Komenského v Bratislave.
|b Filozofická fakulta.
|b Katedra maďarského jazyka a literatúry
|2 snkbucl
|9 106414
|
| 700 |
1 |
|
|a Mészáros, András,
|d 1949-
|4 ive
|4 aut
|9 93340
|
| 773 |
0 |
|
|t Fórum társadalomtudományi szemle
|g Évf. VII, sz. 4 (2005), o. 245-253
|x 1335-4361
|
| 852 |
|
|
|a SNK
|b KIS3GCP
|
| 852 |
|
|
|a DSZK
|b KIS3GCP
|
| 958 |
|
|
|a HU
|
| 958 |
|
|
|a SK
|
| 999 |
|
|
|c 2796885
|d 2798815
|